Statystyki dla Quiz o Rumunii

Kliknij tutaj aby rozwiązać quiz!

Ogólne statystyki

  • Ten quiz został rozwiązany 1 318 razy
  • Średni wynik to 13 z 20

Statystyki odpowiedzi

WskazówkaOdpowiedź% Poprawnych
Stolica RumuniiBukareszt
99%
Państwa granicząceBułgaria
97%
Państwa granicząceWęgry
97%
Państwa granicząceMołdawia
96%
Morze graniczące z RumuniąMorze {Czarne}
96%
Państwa granicząceUkraina
96%
Państwa granicząceSerbia
95%
Najdłuższa rzekaDunaj
88%
Pasmo górskie, które
przebiega przez Rumunię
Karpaty
79%
Fikcyjny hrabia inspirowany powyższymDrakula
76%
Rumuński producent samochodów,
który stanowi 8% eksportu
Dacia
66%
Metoda egzekucji zastosowana m.in. na
byłym dyktatorze Nicolae Ceaușescu w
dniu 25.12.1989
Rozstrzelanie
42%
W tym kraju żyje najwięcej Rumunów
poza Rumunią
Włochy
40%
Średniowieczny władca, znany z palowania
swoich przeciwników
Wład Palownik
39%
Drugie najludniejsze miastoKluż-Napoka
36%
Wymień jedno z czterech państw świata, które
mają niższy wskaźnik urodzeń niż Rumunia
Singapur | Tajwan | Korea
Południowa | Bośnia i Hercegowina
35%
Historyczny region środkowej Rumunii
(wskazówka: zaczyna się od S)
Siedmiogród
33%
Ostatni król Rumunii,
zmuszony do abdykacji przez Sowietów w 1947 roku,
ale żył jeszcze 70 lat
Michał
Hohenzollern-Sigmaringen
19%
Gimnastyczka, która zdobyła sześć doskonałych not
na Letnich Igrzyskach Olimpijskich w 1976
w gimnastyce
Nadia Comăneci
16%
Zamek nieprawidłowo
uznawany za dom tej postaci
Zamek w Branie
13%

Rozkład punktacji

Percentyl według liczby udzielonych odpowiedzi

Procent ludzi z każdym wynikiem

Twoja historia wyników

Nie rozwiązałeś tego quizu